Szczegóły MARC21

Atlas ptaków chronionych i łownych /

005 -DATA I CZAS OSTATNIEJ MODYFIKACJI [,]
    • @
    • pole kontrolne
    • 20120330125046.0
020 -Międzynarod. znormalizowany nr książki - ISBN [ , ]
    • a
    • Numer ISBN
    • 8373158804 Find
040 -Instytucja sporządzająca opis [ , ]
    • a
    • Instytucja, która sporządziła opis (NP)
    • SZCZ U/BK
    • c
    • Instytucja, która sporządziła rekord (NP)
    • SZCZ U/KLR
    • d
    • Instytucja, która zmodyfikowała rekord (P)
    • SZCZ U/AP
041 -Język dokumentu [0, ]
    • a
    • Język tekstu (P)
    • polski
044 -Kraj miejsca wydania [ , ]
    • a
    • Kraj miejsca wydania
    • Polska
942 -Rodzaj dokumentu [ , ]
    • c
    • Rodzaj dokumentu
    • Książka
100 -Hasło główne - nazwa osobowa [ , ]
    • 9
    • KHW
    • 13509
    • a
    • Nazwa osobowa (NP)
    • Dzwonkowski, Robert.
245 -Strefa tytułu i oznaczenia odpowiedzialności [1,0]
    • a
    • Tytuł
    • Atlas ptaków chronionych i łownych / Find
    • c
    • Pozostałe elementy strefy tytułu i oznaczenia odpowiedzialności (NP)
    • Robert Dzwonkowski.
260 -Strefa adresu wydawniczego [ , ]
    • a
    • Miejsce wydania (P)
    • Kielce :
    • b
    • Nazwa wydawcy (P)
    • MAC Edukacja,
    • c
    • Data wydania (P)
    • 2004.
300 -Strefa opisu fizycznego [ , ]
    • a
    • Określenie formy książki i/lub objętość (NP)
    • 128 s. :
    • b
    • Oznaczenie ilustracji (NP)
    • il. ;
    • c
    • Format (NP)
    • 29 cm.
504 -Uwaga dot. bibliogr. załącznikowej [ , ]
    • a
    • Uwaga dot. bibliografii załącznikowej
    • Ind.
080 -Uniwersalna Klasyfikacja Dziesiętna [ , ]
    • 2
    • Identyfikator wydania tablic
    • UDC-P058
    • 9
    • UKD
    • 4467
    • a
    • Symbol klasyfikacji
    • 598.2
    • b
    • Dopowiedzenie
    • Ptaki. Ornitologia.
    • 4
    • UKD2
    • 10220
    • x
    • Poddział wspólny
    • (084.4)
    • c
    • Dopowiedzenie poddz. wspólnego
    • (Atlasy).
080 -Uniwersalna Klasyfikacja Dziesiętna [ , ]
    • 2
    • Identyfikator wydania tablic
    • UDC-P058
    • 9
    • UKD
    • 5480
    • a
    • Symbol klasyfikacji
    • 639.1
    • b
    • Dopowiedzenie
    • Łowiectwo. Zwierzęta łowne. Ptaki łowne
    • 4
    • UKD2
    • 10220
    • x
    • Poddział wspólny
    • (084.4)
    • c
    • Dopowiedzenie poddz. wspólnego
    • (Atlasy).
080 -Uniwersalna Klasyfikacja Dziesiętna [ , ]
    • 2
    • Identyfikator wydania tablic
    • UDC-P058
    • 9
    • UKD
    • 3996
    • a
    • Symbol klasyfikacji
    • 502.17
    • b
    • Dopowiedzenie
    • Racjonalne wykorzystanie zasobów naturalnych. Kontrola jakości środowiska. Ochrona gatunków zagrożonych. Rekultywacja. Odzysk. Technologie czyste. Recykling. Wykorzystanie odnawialnych źródeł energii. Renaturyzacja
    • 4
    • UKD2
    • 10220
    • x
    • Poddział wspólny
    • (084.4)
    • c
    • Dopowiedzenie poddz. wspólnego
    • (Atlasy).
980 -Symbol UKD [ , ]
    • a
    • UKD
    • 598.2:639.1:502.17](084.4)
920 -ISBN [ , ]
    • a
    • ISBN
    • 83-7315-880-4 Find
Data inwentaryzacji Lokalizacja Status udost. Numer inwentarzowy
2012-03-07BG1Z.115812